01339nam a22002057a 4500003000600000005001700006008004100023020001900064020001500083040000800098082001600106100001900122245027300141260006000414300002800474505050700502650004601009650003001055650004801085GBCCL20241126110609.0180525b ||||| |||| 00| 0 eng d a9781565632066  a1565632060 cGBC a220.44bBRO aBrown, Francis aThe Brown, Driver, Briggs Hebrew and English lexicon : bwith an appendix containing the Biblical Aramaic : coded with the numbering system from Strong's Exhaustive concordance of the Bible/c Francis Brown; S R Driver; Charles A Briggs; Edward Robinson; James Strong; aPeabody, Mass. : bHendrickson Publishers, c2015, 1906 axxi, 1204 pages ; 25 cm a"Based on the lexicon of William Gesenius, as translated by Edward Robinson; and edited with constant reference to the thesaurus of Gesenius as completed by E. Rödiger, and with authorized use of the latest German editions of Gesenius' Handwörterbuch über das Alte Testament." "Dr. Yael Avrahami of the University of Haifa has prepared two indexes of verbal roots, both Hebrew and Aramaic. These indexes, added to the 2010 printing of the BDB ... are located on p. 1177 and p. 1201 respectively." aBible. -- Old Testament -- Dictionaries.  aBible. -- Old Testament.  aHebrew language -- Dictionaries -- English.